| 000 | 01562nam0a2200337 4500 | ||
|---|---|---|---|
| 001 | RU\NLR\bibl\1427538 | ||
| 005 | 20250615220622.0 | ||
| 010 |
_a978-5-94103-360-7 _95000 |
||
| 021 |
_aRU _b2009-66804 _94117 |
||
| 035 | _a(NLR Aleph) 001419459 | ||
| 090 |
_a1333337 _c1333337 |
||
| 100 | _a20091020d2009 |||y0rusy50 ca | ||
| 101 | 0 | _arus | |
| 102 | _aRU | ||
| 105 | _ay ||||||||| | ||
| 200 | 1 |
_aТрудовые отношения и практические рекомендации по разрешению трудовых споров _fИсханов Р.В. _gОб-ние профсоюзов России СОЦПРОФ-Общерос. об-ние профсоюзов |
|
| 210 |
_aМосква _cНациональная полиграфическая группа _d2009 |
||
| 215 |
_a143 с. _d21 |
||
| 300 | _aНа обороте тит. л. авт.: Исханов Р.В., доц., к.ю.н. | ||
| 320 | _aБиблиогр. в подстроч. примеч. | ||
| 606 | 1 |
_aТрудовые отношения _yРоссийская Федерация _92126225 _3RU\NLR\auth\661283365 |
|
| 606 | 1 |
_aТрудовые конфликты _xРазрешение _xПравовые вопросы _yРоссийская Федерация _92228090 _3RU\NLR\auth\661337467 |
|
| 686 | _aХ627.1 | ||
| 686 | _aХ627.52 | ||
| 700 | 1 |
_aИсханов _bР. В. _gРуфат Варисович _4070 |
|
| 801 | 0 |
_aRU _bNLR _c20091020 _gRCR |
|
| 801 | 1 |
_aRU _bNLR _c20091020 |
|
| 830 | _aавт. по кн. | ||
| 942 | _cBOOK | ||
| 980 | _aNB | ||